Stolica do Kraju: Europa – Sprint - Statystyki

Ogólne statystyki
  • Ten quiz został rozwiązany 56 razy
  • Średni wynik to 17 z 45
Statystyki odpowiedzi
Stolica Państwo % Poprawnych
Ateny Grecja
98%
Amsterdam Holandia
95%
Andora Andora
93%
Berlin Niemcy
91%
Belgrad Serbia
81%
Bratysława Słowacja
81%
Bruksela Belgia
79%
Dublin Irlandia
77%
Budapeszt Węgry
77%
Helsinki Finlandia
74%
Bukareszt Rumunia
74%
Berno Szwajcaria
74%
Kijów Ukraina
74%
Kopenhaga Dania
65%
Lizbona Portugalia
63%
Londyn Wielka Brytania
58%
Kiszyniów Mołdawia
53%
Lublana Słowenia
47%
Luksemburg Luksemburg
40%
Madryt Hiszpania
35%
Mińsk Białoruś
30%
Monako Monako
30%
Moskwa Rosja
30%
Paryż Francja
26%
Oslo Norwegia
26%
Praga Czechy
21%
Reykjavík Islandia
19%
Podgorica Czarnogóra
16%
Ryga Łotwa
16%
Rzym Włochy
14%
San Marino San Marino
12%
Sarajewo Bośnia i Hercegowina
7%
Sztokholm Szwecja
5%
Wiedeń Austria
2%
Sofia Bułgaria
2%
Zagrzeb Chorwacja
2%
Skopje Macedonia Północna
2%
Valletta Malta
2%
Warszawa Polska
2%
Watykan Watykan
2%
Tirana Albania
0%
Tallinn Estonia
0%
Prisztina Kosowo
0%
Vaduz Liechtenstein
0%
Wilno Litwa
0%
Nie znaleziono quizów pasujących do podanych kryteriów
Rozkład punktacji
Procent ludzi z każdym wynikiem
Percentyl według liczby udzielonych odpowiedzi
Twoja historia wyników
Nie rozwiązałeś tego quizu